| 000 | 01173nam a2200241Ia 4500 | ||
|---|---|---|---|
| 003 | OSt | ||
| 005 | 20210830135624.0 | ||
| 008 | 210310t1963 ag gr 000 0 spa d | ||
| 040 |
_aCO-JMCR _cCO-JMCR |
||
| 041 | 0 | _aspa | |
| 082 | 0 | 4 |
_a340.1 / _bD876f _223 |
| 100 | 1 |
_aDujovne, León, _917208 _eautor |
|
| 245 | 1 | 3 |
_aLa filosofía del derecho de Hegel a Kelsen / _cLeón Dujovne |
| 260 |
_aBuenos Aires : _bBibliográfica Omeba, _c©1963 |
||
| 300 |
_a485 páginas ; _c22 cm. |
||
| 490 | 0 | _aColección de Libros de Filosofía | |
| 500 | _aIncluye notas a pie de página. | ||
| 505 | 0 | _aLa filosofía del derecho antes de Hegel -- El sistema filosófico de Hegel La filosofía Hegeliana del derecho y el estado -- La critica de Marx a la filosofía Hegeliana del Derecho y el Estado. El Derecho y el Estado en la concepción del materialismo histórico -- Rudolf Stammler su filosofía del derecho. Su critica al materialismo histórico -- Kelsen La critica de Kelsen al Marxismo. La teoría del Derecho de Kelsen | |
| 650 | 1 | 4 |
_aFilosofía del derecho _917210 _xHistoria |
| 650 | 2 | 4 |
_aDerecho y sociedad _92050 |
| 650 | 2 | 4 |
_aTeoría del derecho _97948 |
| 942 |
_2ddc _cBK |
||
| 999 |
_c8417 _d8417 |
||